00494nam a2200193Ia 4500003000400000005001700004008004100021020002200062040000700084041000800091082001500099100001900114245005100133260004000184300001600224365001300240650003100253650001600284OSt20230608090701.0210423s2012 xx 000 0 und d a978-81-316-0551-6 cAL aeng a361.3 PIEU aPIERSON (John) aUnderstanding social work: history and context aNew DelhibRawat Publicationsc2012 axiv,250bPB b750cINR aSocial Problems & Services aSocial Work